000 00621nam a2200205 u 4500
005 20240228064151.0
008 141006s2012 mx r 000 0 spa d
035 _aUPN01000200015
049 _aI
050 4 _aPZ78
_bC4.37
100 1 _aCecil, Kim
_936836
245 1 3 _aUn frijolito /
_cKim Cecil ; il. Chiara Dattola ; tr. Humberto Guerra.
260 _aMéxico :
_bLumen,
_c2012.
300 _a[36] p. :
_bil. col.
534 _pTítulo original:
_tOne little bean
650 4 _aLibros y lectura para niños
_92290
650 7 _aLibros ilustrados para niños
_2
_921365
905 _aInfantil
999 _c172116
_d172116